Loading...
| Science - Chemistry | 0 | 5 | 0 | 2 | 50 | 73 | 88.20 | 2 | 5 | 5.49 | 26.00 |
| Science - Physics | 0 | 3 | 2 | 0 | 20 | 50 | 83.67 | 0 | 2 | 6.51 | 18.00 |
| Popular Culture | 0 | 2 | 0 | 0 | 20 | 36 | 42.00 | 2 | 2 | 20.89 | 33.33 |
| Fine Arts - Classical Music | 0 | 3 | 2 | 1 | 20 | 89 | 111.00 | 0 | 2 | 3.86 | 12.00 |
| Science - Other | 0 | 2 | 0 | 1 | 20 | 111 | 119.50 | 0 | 1 | 0.45 | 6.00 |
| Literature - World | 0 | 1 | 0 | 0 | 10 | 120 | 120.00 | 0 | 1 | 0.00 | 6.00 |
| Philosophy | 0 | 1 | 0 | 0 | 10 | 98 | 98.00 | 1 | 1 | 1.32 | 8.57 |
| Science - Biology | 0 | 3 | 4 | 1 | 10 | 74 | 82.67 | 1 | 3 | 7.51 | 18.00 |
| Mythology | 0 | 1 | 0 | 0 | 10 | 75 | 75.00 | 0 | 1 | 3.80 | 2.00 |
| Fine Arts - Painting and Sculpture | 0 | 1 | 0 | 0 | 10 | 98 | 98.00 | 0 | 1 | 0.00 | 4.00 |
| History - American | 0 | 1 | 0 | 0 | 10 | 124 | 124.00 | 0 | 0 | 0.08 | 4.00 |
| History - Other | 0 | 1 | 0 | 0 | 10 | 102 | 102.00 | 0 | 1 | 0.00 | 2.00 |
| Literature - European | 0 | 1 | 0 | 0 | 10 | 112 | 112.00 | 0 | 0 | 0.43 | 2.00 |
| Literature - American | 0 | 0 | 0 | 0 | 0 | 0.00 | 0 | 0 | 0.00 | 0.00 | |
| Social Science | 0 | 0 | 0 | 0 | 0 | 0.00 | 0 | 0 | 0.00 | 0.00 |